LEADER 01315nam--2200421---450- 001 990006028910203316 005 20150423115845.0 010 $a978-88-6288-250-7 035 $a000602891 035 $aUSA01000602891 035 $a(ALEPH)000602891USA01 035 $a000602891 100 $a20150420d2015----km-y0itay50------ba 101 1 $aita$cger 102 $aIT 105 $aa---||||001yy 200 1 $a<> libro del Jazz$edal ragtime al XXI secolo$fJoachim-Ernst Berendt, Günther Huesmann$gintroduzione Luca Cerchiari 210 $aBologna$cOdoya$d2015 215 $a846 p.$cill.$d21 cm 225 2 $aOdoya cult music$v33 410 0$aOdoya cult music$V33 454 1$12001$a<> grosse Jazzbuch$916868 606 0 $aJazz$xStoria$2BNCF 676 $a785.42 700 1$aBERENDT,$bJoachim-Ernst$0489508 701 1$aHUESMANN,$bGünther$0620202 702 1$aCERCHIARI,$bLuca 801 0$aIT$bsalbc$gISBD 912 $a990006028910203316 951 $aXIII.3.D. 636$b10657 LG.$cXIII.3.D.$d369602 959 $aBK 969 $aUMA 979 $aPATRY$b90$c20150420$lUSA01$h1218 979 $aPATRY$b90$c20150421$lUSA01$h1134 979 $aALESSANDRA$b90$c20150423$lUSA01$h1030 979 $aPATRY$b90$c20150423$lUSA01$h1158 996 $aGrosse Jazzbuch$916868 997 $aUNISA LEADER 00974nam0 2200277 i 450 001 VAN0069955 005 20140625025023.238 010 $a07-623-0513-4 100 $a20090506d1998 |0itac50 ba 101 $aeng 102 $aUS 105 $a|||| ||||| 200 1 $aAdvances in accounting$fedited by Philip M. J. Reckers 210 $aStamford$aLondon$cJAI$d1998 215 $aXIV, 267 p.$d23 cm. 620 $aGB$dLondon$3VANL000015 676 $a657.0285$v21 702 1$aReckers$bPhilip M. J.$3VANV055089 712 $aJai$3VANV112928$4650 790 1$aReckers, P. M. J.$zReckers, Philip M. J.$3VANV061221 801 $aIT$bSOL$c20230616$gRICA 899 $aBIBLIOTECA DEL DIPARTIMENTO DI ECONOMIA$1IT-CE0106$2VAN03 912 $aVAN0069955 950 $aBIBLIOTECA DEL DIPARTIMENTO DI ECONOMIA$d03PREST IIBa7 $e03 28897 20090506 996 $aAdvances in accounting$9417083 997 $aUNICAMPANIA LEADER 01753nas 2200397 n 450 001 990008987240403321 005 20240229084444.0 011 $a0887-381X 035 $a000898724 035 $aFED01000898724 035 $a(Aleph)000898724FED01 035 $a000898724 091 $2CNR$aP 00135720 100 $a20161109a19879999km-y0itaa50------ba 101 0 $aeng 102 $aUS 110 $aauu-------- 200 1 $aJournal of cold regions engineering 207 1$a1987- 210 $aNew York$cAmerican Society of Civil Engineers, Technical Council on Cold Regions Engineering 326 $aTrimestrale 452 0$12001$aJournal of cold regions engineering 530 0 $aJournal of cold regions engineering 676 $a620/.411 712 02$aAmerican Society of Civil Engineers 801 0$aIT$bACNP$c20090723 859 4 $uhttp://acnp.cib.unibo.it/cgi-ser/start/it/cnr/dc-p1.tcl?catno=72294&person=false&language=ITALIANO&libr=&libr_th=unina1$zBiblioteche che possiedono il periodico 901 $aSE 912 $a990008987240403321 958 $aBiblioteca Centrale "F. Gasparini". Facoltà di Ingegneria. Università degli Studi di Napoli "Federico II"$b1987-$eVIIIa1$fFINBC FINAG 959 $aFINBC 959 $aFINAG 996 $aJournal of cold regions engineering$9104852 997 $aUNINA AP1 8 $6866-01$aNA104 Biblioteca Centrale "F. Gasparini". Facoltà di Ingegneria. Università degli Studi di Napoli "Federico II"$bVIIIa1$ep.le Tecchio,80, 80125 Napoli (NA)$m0817682190;0817682195$m0817682188$nit AP2 40$aacnp.cib.unibo.it$nACNP Italian Union Catalogue of Serials$uhttp://acnp.cib.unibo.it/cgi-ser/start/it/cnr/df-p.tcl?catno=72294&language=ITALIANO&libr=&person=&B=1&libr_th=unina&proposto=NO